Primerane možnostiam ekonomiky

Predseda Slovenskej akadémie vied prof. Štefan Luby o reálnej, ale aj želanej pozícii slovenskej vedy v našej spoločnosti. Postavenie slovenskej vedy v SR a v zahraničí. Porovnanie s inými krajinami. Finančné možnosti a štátna podpora SAV. Motivácia vedeckých pracovníkov. Situácia vo vedeckej oblast...

Descripción completa

Guardado en:
Detalles Bibliográficos
Autor principal: Luby, Štefan
Otros Autores: Zábojníková, M.
Formato: Capítulo de libro
Lenguaje:eslovaco
Materias:
Etiquetas: Agregar Etiqueta
Sin Etiquetas, Sea el primero en etiquetar este registro!

MARC

LEADER 00000naa a2200000 4500
001 r025902
005 20230824090336.4
041 0 |a slo 
044 |a SK 
245 1 0 |a Primerane možnostiam ekonomiky  |c Š. Luby, M. Zábojníková 
520 |a Predseda Slovenskej akadémie vied prof. Štefan Luby o reálnej, ale aj želanej pozícii slovenskej vedy v našej spoločnosti. Postavenie slovenskej vedy v SR a v zahraničí. Porovnanie s inými krajinami. Finančné možnosti a štátna podpora SAV. Motivácia vedeckých pracovníkov. Situácia vo vedeckej oblasti od r. 1989. 
610 2 0 |a Slovensko 
610 2 0 |a 1997 
610 2 0 |a veda 
610 2 0 |a SAV Bratislava 
610 2 0 |a financovanie vedy 
610 2 0 |a práca vedecká 
610 2 0 |a pracovníci vedeckí 
100 1 |a Luby, Štefan 
700 1 |a Zábojníková, M.